| 000 | | | 05653nmc2a22003613x 450 |
| 001 | | | 741ec943-190b-4f87-849e-5483570662fe |
| 005 | | | 20240819225827.0 |
| 100 | ## | $a | 20240716l1880 k y0rusy50 ca |
| 101 | 0# | $a | rus |
| | $a | fre |
| 102 | ## | $a | RU |
| 105 | ## | $a | a z ||||| |
| 122 | 0# | $a | d18801231 |
| 200 | 1# | $a | Договоры, ведомости и счета по найму квартиры для Лорис-Меликова Михаила Тариэловича и по ее меблировке |
| | $j | 1880 |
| 215 | ## | $a | 73 листа |
| | $c | табл., ил. |
| | $d | 38 х 27 |
| 251 | ## | $c | Дело |
| 300 | ## | $a | Заголовок дела на папке: Договоры, ведомости и счета по найму квартиры для Лорис-Меликова Михаила Тариеловича и об меблировке ее |
| 300 | ## | $a | Листы: 73 листа, в том числе: литерный 38а, 62а, 23а; пронумерованные чистые листы 8, 9, 18, 19, 20, 21, 22; 4, 25об, 42, 45, 51, 52, 55, 59 - гербовые марки; 26-38а - брошюра; 62а - открытка; 69 - печать черная; 61-63 - выпадают |
| 300 | ## | $a | Часть текста на французском языке |
| 300 | ## | $a | Рукописный и типографский текст |
| 324 | ## | $a | В деле имеются копии отдельных документов |
| 325 | ## | $a | Замикрофильмировано |
| 330 | ## | $a | Входит в раздел описи: Хозяйственные и другие материалы, не относящиеся к служебной деятельности Лорис-Меликова |
| 461 | #0 | $1 | 001cda3d175-ae4a-411a-8dea-9cc20fb178f6 |
| | $1 | 2001 |
| | $a | Лорис-Меликов Михаил Тариелович, граф, министр внутренних дел, главный начальник "верховной распорядительной комиссии по охранению государственного порядка и общественного спокойствия", генерал от кавалерии |
| | $1 | 251 |
| | $c | Фонд |
| | $1 | 852 |
| | $j | 569 |
| 462 | #0 | $1 | 001163e060a-d7cc-404d-90ee-e28c9801971b |
| | $1 | 2001 |
| | $a | Опись дел фонда М. Т. Лорис-Меликова за 1858-1915 гг. |
| | $v | Д. 133 |
| | $1 | 251 |
| | $c | Опись |
| | $1 | 852 |
| | $j | 1 |
| 517 | 1# | $a | Договоры, ведомости и счета по найму квартиры для Лорис-Меликова Михаила Тариеловича и об меблировке ее |
| 600 | #1 | $a | Лорис-Меликов |
| | $b | М. Т. |
| | $g | Михаил Тариелович |
| 605 | ## | $3 | DITM\AF\0000002775 |
| | $a | Власть |
| | $l | коллекция |
| | $2 | acquisition_prlib |
| 610 | 1# | $a | Найм квартиры |
| | $a | Договоры |
| | $a | Ведомости |
| | $a | Счета |
| 686 | ## | $a | 63.3(2)535-332ю1 |
| | $c | История |
| | $2 | rubbk |
| 686 | ## | $a | 67.400.6ю1 |
| | $c | Право |
| | $2 | rubbk |
| 801 | #0 | $a | RU |
| | $b | GA_RF |
| 801 | #1 | $a | RU |
| | $b | ГлавНИВЦ |
| | $c | 20240716 |
| | $2 | rusmarc |
| 801 | #2 | $a | RU |
| | $b | ПБ им. Б.Н. Ельцина |
| | $c | 20240819 |
| | $g | RCR |
| | $2 | rusmarc |
| 852 | ## | $a | ГА РФ |
| | $j | 133 |
| 937 | ## | $d | 193627584 |
| | $h | ГАРФ |
| 035 | ## | $a | RuPRLIB51076571 |
| 856 | ## | $u | http://readingroom.main.prlib.ru/item.aspx?id_node=n193627584&mode=full |